000 00510nam a2200181Ia 4500
003 GCL
008 140319s9999 xx 000 0 ara d
020 _a9008552061
040 _aGCL /
_cGCL
082 0 4 _aط
_b813
_bا ف
100 1 _aانيتا نصار
245 1 0 _aفكر واحزر /
_cانيتا نصار
260 _aبيروت :
_bدار الكتاب العالمى ،
_c1995
300 _a:
_bايض ؛
_c21 سم
650 0 4 _aالاطفال
650 0 4 _aادب الاطفال
942 _2ddc
_cBK
999 _c9122
_d9122